Melvin Mencher's news reporting and writing. / (Record no. 5574)

MARC details
000 -LEADER
fixed length control field 01860cam a2200301 a 4500
001 - CONTROL NUMBER
control field 16023879
003 - CONTROL NUMBER IDENTIFIER
control field OSt
005 - DATE AND TIME OF LATEST TRANSACTION
control field 20210414114449.0
008 - FIXED-LENGTH DATA ELEMENTS--GENERAL INFORMATION
fixed length control field 091215s2011 nyua 001 0 eng
010 ## - LIBRARY OF CONGRESS CONTROL NUMBER
LC control number 2009052795
020 ## - INTERNATIONAL STANDARD BOOK NUMBER
International Standard Book Number 9780073511993
020 ## - INTERNATIONAL STANDARD BOOK NUMBER
International Standard Book Number 0073511994 (alk. paper)
040 ## - CATALOGING SOURCE
Original cataloging agency DLC
Transcribing agency DLC
Modifying agency DLC
050 00 - LIBRARY OF CONGRESS CALL NUMBER
Classification number PN4781.M4
082 00 - DEWEY DECIMAL CLASSIFICATION NUMBER
Classification number 070.4/3
Edition number 22
100 1# - MAIN ENTRY--PERSONAL NAME
Personal name Mencher, Melvin.
245 10 - TITLE STATEMENT
Title Melvin Mencher's news reporting and writing. /
Statement of responsibility, etc. Melvin Mencher.
250 ## - EDITION STATEMENT
Edition statement 12th ed.
260 ## - PUBLICATION, DISTRIBUTION, ETC.
Place of publication, distribution, etc. New York :
Name of publisher, distributor, etc. McGraw-Hill Higher Education,
Date of publication, distribution, etc. 2011.
300 ## - PHYSICAL DESCRIPTION
Extent xx,618p. :
Other physical details ill. ;
Dimensions 24 cm.
500 ## - GENERAL NOTE
General note Includes indexes.
505 ## - FORMATTED CONTENTS NOTE
Formatted contents note Contents: The reporter at work: On the job -- The basics: Components of the story -- Writing the story: What is news? -- The internet and other tools of the trade -- The lead -- Story structure -- The writer's art -- Features, long stories and series -- Broadcast newswriting -- Writing news releases -- Reporting principles: Digging for information -- Making sound observations -- Building and using background -- Finding, cultivating and using sources -- Interviewing principles and practices -- Speeches, meetings and news conferences -- Hunches, feelings and stereotypes -- Accidents to education: Accidents and disasters -- Obituaries -- The police beat -- The courts -- Sports -- Business reporting -- Local government and education -- Laws, taste and taboos, codes and ethics: Reporters and the law -- Taste: Defining the appropriate -- The morality of journalism.
650 #0 - SUBJECT ADDED ENTRY--TOPICAL TERM
Topical term or geographic name entry element Reporters and reporting.
650 #0 - SUBJECT ADDED ENTRY--TOPICAL TERM
Topical term or geographic name entry element Journalism
General subdivision Authorship.
906 ## - LOCAL DATA ELEMENT F, LDF (RLIN)
a 7
b cbc
c orignew
d 1
e ecip
f 20
g y-gencatlg
942 ## - ADDED ENTRY ELEMENTS (KOHA)
Source of classification or shelving scheme Library of Congress Classification
Koha item type Books
Holdings
Withdrawn status Lost status Source of classification or shelving scheme Damaged status Not for loan Home library Current library Shelving location Date acquired Total Checkouts Full call number Barcode Date last seen Price effective from Koha item type
    Library of Congress Classification     WISCONSIN INTERNATIONAL UNIVERSITY COLLEGE, GHANA - MAIN LIBRARY WISCONSIN INTERNATIONAL UNIVERSITY COLLEGE, GHANA - MAIN LIBRARY Reference 29/06/2015   PN4781.M4 7979/406/15 29/06/2015 29/06/2015 Books

If you have any concerns or questions; kindly contact the library


© Powered by WIUC ICT DIRECTORATE